[Event "Razuvaev Memorial 2020"]
[Site "Moscow"]
[Date "2020.11.06"]
[Round "7.1"]
[White "Tomashevsky, Evgeny"]
[Black "Kramnik, Vladimir"]
[Result "1/2-1/2"]
[WhiteElo "2681"]
[BlackElo "2797"]
[Annotator "TA"]
[PlyCount "81"]
[EventDate "2020.11.06"]
[EventCountry "RUS"]
[SourceTitle "playchess.com"]
[Source "ChessBase"]
[SourceQuality "1"]

{[%evp 20,81,-4,0,15,16,17,6,18,0,0,-11,-10,-9,-2,-22,-38,-25,-20,-24,-23,-52,-6,-20,0,0,0,0,0,-6,0,-50,-34,-29,-11,-19,0,0,0,0,0,0,0,0,0,0,0,0,0,0,0,0,0,-3,0,0,0,0,0,0,0,0,0,0]} 1. Nf3 Nf6 2. c4 e6 3. b3 b6 4. Bb2 Bb7 5. e3 Be7 6. Be2 O-O 7. O-O d5 8. Nc3 c5 9. d4 cxd4 10. Nxd4 dxc4 11. Bxc4 Nc6 {A30: Symmetrical English: Double Fianchetto and Hedgehog.} (11... Nbd7 {looks sharper.} 12. Rc1 Ne5 13. Be2 Rc8 14. f4 Nc6) 12. Nxc6 Bxc6 13. Qe2 Qc8 14. Rac1 a6 15. e4 Qb7 {[%cal Rf6e4] [#]} 16. Bd3 $146 ({Predecessor:} 16. Rfe1 Rfd8 17. Bd3 b5 18. Bb1 Rd7 19. e5 Nd5 20. Ne4 Bb4 21. Nd6 Rxd6 22. exd6 Bxe1 23. Qxe1 {0-1 (37) Schneider,L (2450)-Cramling,D (2330) Gausdal 1980}) 16... Rfd8 17. Rfd1 b5 18. f3 Nd7 19. Qe1 Nc5 20. Bf1 a5 21. Ne2 Rxd1 22. Rxd1 b4 23. Nf4 Nd7 24. Nd3 (24. Qg3 {is more complex.} g6 25. Nd3 Rc8 26. Qf4 f6 27. Nf2) 24... Bb5 25. Ne5 Nxe5 26. Bxe5 f6 27. Bd4 {The position is equal.} Rd8 {[#] And now ...Rxd4! would win.} 28. Be3 Rxd1 29. Qxd1 Kf7 30. Bxb5 Qxb5 31. Kf2 Qe5 32. h3 Bc5 33. Qd7+ Be7 34. Qd4 {Threatening Qxe5.} Qc7 35. Ke2 a4 36. Qd3 axb3 37. axb3 Qg3 38. Kf1 Qc7 39. Ke2 Qg3 40. Kf1 Qc7 41. Ke2 {Av CentiPawn Loss W=-5/B=-5. Weighted=-4/-5} 1/2-1/2

[Event "Razuvaev Memorial 2020"]
[Site "Moscow"]
[Date "2020.11.06"]
[Round "7.2"]
[White "Kobalia, Mikhail"]
[Black "Potkin, Vladimir"]
[Result "1-0"]
[WhiteElo "2569"]
[BlackElo "2443"]
[Annotator "ChessBase"]
[PlyCount "49"]
[EventDate "2020.11.06"]
[EventCountry "RUS"]
[SourceTitle "playchess.com"]
[Source "ChessBase"]
[SourceQuality "1"]
[TimeControl "300+3"]

1. e4 {[%emt 0:00:01]} c5 {[%emt 0:00:04]} 2. Nf3 {[%emt 0:00:01]} e6 {[%emt 0:00:01]} 3. g3 {[%emt 0:00:02]} Nc6 {[%emt 0:00:28]} 4. Bg2 {[%emt 0:00:01]} Nf6 {[%emt 0:00:01]} 5. Qe2 {[%emt 0:00:01]} Be7 {[%emt 0:00:02]} 6. O-O {[%emt 0:00:02]} O-O {[%emt 0:00:01]} 7. e5 {[%emt 0:00:05]} Nd5 {[%emt 0:00:02]} 8. Na3 {[%emt 0:00:02]} d6 {[%emt 0:00:06]} 9. Nc4 {[%emt 0:00:04]} dxe5 {[%emt 0:00:03]} 10. Ncxe5 {[%emt 0:00:01]} Nxe5 {[%emt 0:00:05]} 11. Nxe5 {[%emt 0:00:01]} Bf6 {[%emt 0:00:32]} 12. Re1 {[%emt 0:00:03]} Nb4 {[%emt 0:00:10]} 13. Qd1 {[%emt 0:00:13]} Qc7 {[%emt 0:00:06]} 14. Ng4 {[%emt 0:00:06]} Be7 {[%emt 0:00:04]} 15. b3 {[%emt 0:00:03]} f6 {[%emt 0:00:38]} 16. Ne3 {[%emt 0:00:08]} Rd8 {[%emt 0:00:08]} 17. f4 {[%emt 0:00:25]} Bf8 {[%emt 0:00:11]} 18. Bb2 {[%emt 0:00:04]} Bd7 {[%emt 0:00:11]} 19. Qg4 {[%emt 0:00:59]} e5 {[%emt 0:00:13]} 20. Qh4 {[%emt 0:00:11]} Bc6 {[%emt 0:01:11]} 21. fxe5 {[%emt 0:00:26]} Bxg2 {[%emt 0:00:02]} 22. exf6 {[%emt 0:00:13]} Rxd2 {[%emt 0:00:39]} 23. fxg7 {[%emt 0:00:13]} Be7 {[%emt 0:00:08]} 24. Nf5 {[%emt 0:00:10]} Bxh4 {[%emt 0:00:58]} 25. Nh6# {[%emt 0:00:02]} 1-0

[Event "Razuvaev Memorial 2020"]
[Site "Moscow"]
[Date "2020.11.06"]
[Round "7.3"]
[White "Gelfand, Boris"]
[Black "Nepomniachtchi, Ian"]
[Result "0-1"]
[WhiteElo "2693"]
[BlackElo "2785"]
[Annotator "TA"]
[PlyCount "106"]
[EventDate "2020.11.06"]
[EventCountry "RUS"]
[SourceTitle "playchess.com"]
[Source "ChessBase"]
[SourceQuality "1"]

{[%evp 11,106,15,21,12,22,13,28,26,20,31,24,16,33,22,20,25,20,27,38,28,36,22,35,39,77,53,51,9,62,12,64,62,76,19,36,19,74,37,34,33,48,45,100,15,35,-73,-89,-93,-34,-105,-127,-114,-109,-574,-572,-657,-563,-547,-439,-819,-546,-453,-384,-356,-307,-307,-307,-307,-307,-508,-508,-496,-245,-237,-223,-220,-212,-356,-350,-476,-465,-450,-450,-450,-450,-551,-508,-479,-487,-654,-614,-695,-679,-623,-622,-29971,-29970]} 1. Nf3 g6 2. e4 Bg7 3. d4 d6 4. c4 Bg4 5. Be2 Nc6 6. Nbd2 Nf6 7. d5 {A41: 1 d4 d6: Tartakower System and Modern Defence.} Nb8 {[%cal Bc6b8,Bb8a6,Ba6b4][%mdl 32]} 8. Qc2 Na6 9. h3 {White has an edge.} Bd7 10. Nb1 {[#]} Nb4 $146 ({Predecessor:} 10... c6 11. Nc3 cxd5 12. exd5 O-O 13. Be3 Nc5 14. Nd4 e5 15. dxe6 fxe6 16. O-O Qe7 {1-0 (31) Gelfand,B (2721)-Stefanova,A (2512) Caleta 2017}) 11. Qb3 {aiming for e5.} a5 12. Nc3 $36 {[%mdl 2048] White is pushing.} e6 13. O-O O-O 14. Be3 b6 15. dxe6 Bxe6 16. Nd4 Nd7 17. Qd1 Ne5 18. b3 Nec6 19. Rc1 Re8 (19... Bxd4 $11 20. Bxd4 a4) 20. Qd2 Bd7 (20... Bxd4 $11 21. Bxd4 Nxd4 22. Qxd4 a4) 21. Ndb5 $14 Na6 22. f4 (22. Bg5 $16 f6 23. Be3) 22... Nc5 $11 23. Bf3 a4 (23... Nb4 $1 $11 {remains equal.}) 24. Rb1 axb3 25. axb3 Nb4 26. e5 Rc8 (26... Rb8 $14) 27. exd6 (27. Rbd1 $16) 27... c6 28. Nc7 (28. Nd4 $1 $14 {is the one way to stay ahead.}) 28... Rxe3 $1 $17 29. Qxe3 {Rbd1 is the strong threat.} Bf5 ({Black should play} 29... Qf6 $17 30. Ne4 Nxe4 31. Bxe4 Qxd6) 30. Rbd1 (30. Rfd1 $15) 30... Nc2 31. Qd2 Nxb3 32. Qf2 $2 {[%mdl 8192] White does not recover from this.} (32. Qe2 $17 {nothing else works.}) 32... Bxc3 $19 33. Qxb6 Bd4+ 34. Rxd4 Nbxd4 35. c5 (35. Qc5 $142 Nb3 36. Qe5) 35... Nxf3+ 36. Rxf3 Nd4 37. Re3 {intending Re8+.} Ne6 38. Nxe6 Qxb6 ({Don't take} 38... Bxe6 39. Qxd8+ Rxd8 40. Ra3 $19) ({Not} 38... fxe6 39. g4 $16) 39. cxb6 {Threatens to win with d7.} Bxe6 {[%mdl 4096] Endgame KRB-KR} 40. Ra3 $2 (40. Rd3 Rb8 41. d7 Bxd7 42. Rxd7 Rxb6 43. Kf2) 40... Rb8 41. Ra7 c5 (41... Rxb6 $142 42. d7 Rb8) 42. d7 {[#] Hoping for b7.} Kg7 $1 43. Rc7 {[#] Threatening b7.} c4 $1 44. b7 {[#]} (44. Kf2 {was called for.} Bxd7 45. Rxd7 Rxb6 46. Rc7) 44... c3 $1 45. Rc8 (45. Rxc3 Bxd7) 45... c2 $1 46. d8=Q {Qf8+ would kill now.} c1=Q+ $1 47. Rxc1 Rxd8 {KRB-KR} 48. Kf2 Rb8 49. Rb1 Bd5 50. Rb5 Be4 51. Rb4 f5 52. g4 Rxb7 53. Rxb7+ Bxb7 {Av CentiPawn Loss W=-65/B=-29. Weighted=-47/-35} 0-1

[Event "Razuvaev Memorial 2020"]
[Site "Moscow"]
[Date "2020.11.06"]
[Round "7.4"]
[White "Motylev, Alexander"]
[Black "Lautier, Joel"]
[Result "1/2-1/2"]
[WhiteElo "2618"]
[BlackElo "2658"]
[Annotator "ChessBase"]
[PlyCount "96"]
[EventDate "2020.11.06"]
[EventCountry "RUS"]
[SourceTitle "playchess.com"]
[Source "ChessBase"]
[SourceQuality "1"]
[TimeControl "300+3"]

1. e4 {[%emt 0:00:01]} c5 {[%emt 0:00:01]} 2. Nf3 {[%emt 0:00:02]} Nc6 {[%emt 0:00:01]} 3. Bb5 {[%emt 0:00:01]} e6 {[%emt 0:00:01]} 4. Bxc6 {[%emt 0:00:01]} bxc6 {[%emt 0:00:02]} 5. d3 {[%emt 0:00:01]} Ne7 {[%emt 0:00:03]} 6. Qe2 {[%emt 0:00:02]} f6 {[%emt 0:00:02]} 7. e5 {[%emt 0:00:08]} Ng6 {[%emt 0:00:02]} 8. h4 {[%emt 0:00:03]} h5 {[%emt 0:00:03]} 9. Nbd2 {[%emt 0:00:15]} Qc7 {[%emt 0:00:28]} 10. Nc4 {[%emt 0:00:02]} Ba6 {[%emt 0:00:02]} 11. Qe4 {[%emt 0:00:01]} Kf7 {[%emt 0:00:05]} 12. Bf4 {[%emt 0:00:16]} Bxc4 {[%emt 0:00:55]} 13. dxc4 {[%emt 0:00:02]} d5 {[%emt 0:00:33]} 14. exd6 {[%emt 0:00:56]} Bxd6 {[%emt 0:00:03]} 15. Bxd6 {[%emt 0:00:19]} Qxd6 {[%emt 0:00:01]} 16. Rd1 {[%emt 0:00:02]} Qc7 {[%emt 0:00:01]} 17. O-O {[%emt 0:00:02]} Rad8 {[%emt 0:00:20]} 18. g3 {[%emt 0:00:04]} Rd7 {[%emt 0:00:22]} 19. Qe3 {[%emt 0:00:06]} Rxd1 {[%emt 0:00:18]} 20. Rxd1 {[%emt 0:00:01]} Qe7 {[%emt 0:00:01]} 21. Rd3 {[%emt 0:00:12]} Rb8 {[%emt 0:00:04]} 22. b3 {[%emt 0:00:12]} Rb7 {[%emt 0:00:05]} 23. Qe4 {[%emt 0:00:04]} Rc7 {[%emt 0:00:04]} 24. Qe2 {[%emt 0:01:29]} Kg8 {[%emt 0:00:03]} 25. Qd2 {[%emt 0:00:14]} e5 {[%emt 0:00:09]} 26. Rd8+ {[%emt 0:00:39]} Kf7 {[%emt 0:00:03]} 27. Qd6 {[%emt 0:00:10]} Qxd6 {[%emt 0:00:04]} 28. Rxd6 {[%emt 0:00:02]} Ke7 {[%emt 0:00:02]} 29. Rd1 {[%emt 0:00:03]} Nf8 {[%emt 0:00:04]} 30. Ne1 {[%emt 0:00:08]} Ne6 {[%emt 0:00:03]} 31. Ng2 {[%emt 0:00:08]} Rd7 {[%emt 0:00:07]} 32. Rxd7+ {[%emt 0:00:02]} Kxd7 {[%emt 0:00:01]} 33. Ne3 {[%emt 0:00:00]} g6 {[%emt 0:00:08]} 34. c3 {[%emt 0:00:06]} e4 {[%emt 0:00:05]} 35. Kg2 {[%emt 0:00:03]} Kd6 {[%emt 0:00:01]} 36. f4 {[%emt 0:00:05]} exf3+ {[%emt 0:00:03]} 37. Kxf3 {[%emt 0:00:01]} f5 {[%emt 0:00:05]} 38. Ng2 {[%emt 0:00:02]} Ke5 {[%emt 0:00:03]} 39. Nf4 {[%emt 0:00:02]} Nxf4 {[%emt 0:00:29]} 40. gxf4+ {[%emt 0:00:01]} Kd6 {[%emt 0:00:01]} 41. b4 {[%emt 0:00:04]} Kc7 {[%emt 0:00:11]} 42. Ke3 {[%emt 0:00:07]} Kb6 {[%emt 0:00:08]} 43. Kd3 {[%emt 0:00:02]} a5 {[%emt 0:00:07]} 44. a3 {[%emt 0:00:04]} a4 {[%emt 0:00:05]} 45. Ke3 {[%emt 0:00:17]} Kc7 {[%emt 0:00:06]} 46. Kd3 {[%emt 0:00:15]} Kb6 {[%emt 0:00:01]} 47. Ke3 {[%emt 0:00:01]} Kc7 {[%emt 0:00:01]} 48. Kd3 {[%emt 0:00:01]} Kb6 {[%emt 0:00:01]} 1/2-1/2

[Event "Razuvaev Memorial 2020"]
[Site "Moscow"]
[Date "2020.11.06"]
[Round "8.1"]
[White "Tomashevsky, Evgeny"]
[Black "Kramnik, Vladimir"]
[Result "0-1"]
[WhiteElo "2681"]
[BlackElo "2797"]
[Annotator "TA"]
[PlyCount "76"]
[EventDate "2020.11.06"]
[EventCountry "RUS"]
[SourceTitle "playchess.com"]
[Source "ChessBase"]
[SourceQuality "1"]

{[%evp 12,76,26,14,26,19,41,34,41,28,39,0,17,-36,-14,-97,-90,-117,-108,-108,-102,-100,-130,-174,-180,-178,-179,-215,-93,-397,-334,-335,-352,-335,-229,-231,23,29,25,-77,-78,-140,-118,-619,-531,-513,-512,-485,-466,-554,-547,-696,-689,-1016,-1003,-1287,-1270,-1059,-1054,-5908,-2578,-5814,-5798,-5608,-5615,-5043,-5039]} 1. e4 e6 2. d4 d5 3. Nd2 dxe4 4. Nxe4 Nd7 5. Nf3 Ngf6 6. Nxf6+ Nxf6 7. Be3 Bd6 {The modern move. C10: French with 3 Nc3: Unusual Black 3rd moves and 3...dxe4.} 8. Bd3 b6 9. Qe2 Bb7 {White is slightly better.} 10. O-O-O O-O 11. Ne5 c5 {[#]} ({Wrong is} 11... Bxg2 $2 12. Rhg1 $18) 12. h4 $146 (12. Nc4 $11 Nd5 13. Nxd6 Qxd6 14. dxc5) ({Predecessor:} 12. f4 Qc7 13. Kb1 Nd5 14. dxc5 Bxc5 15. Bxc5 bxc5 16. Rhf1 Rab8 17. Ka1 f6 18. Qh5 {0-1 (26) Haas,B (2132)-Csiba,T (2016) ICCF email 2013}) 12... Qc7 ({But not} 12... Bxg2 $2 13. Rhg1 $18) 13. Bg5 (13. Nc4 $11 {keeps the balance.}) 13... Nd5 $1 $17 14. Rhe1 cxd4 {...Bxe5 is the strong threat.} 15. Qe4 {[%csl Gd3][%cal Re4h7]} f5 $36 {[%mdl 2048] Black has strong initiative.} 16. Qxd4 Bc5 17. Qa4 Bxf2 18. Re2 Bg3 19. Nf3 Nf4 (19... h6 $19 {and Black stays clearly on top.} 20. Bd2 e5) 20. Re3 $2 {[%mdl 8192]} (20. Bxf4 $17 Bxf4+ 21. Kb1) 20... Nxg2 21. Rxe6 Bxf3 22. Re7 Bf4+ 23. Kb1 Bxd1 $2 ({Much less strong is} 23... Qc5 24. Qd7 $1 $17 {[%mdl 512]}) (23... Qc6 $1 $19 {[%cal Rc6a4]} 24. Qd4 Qg6 25. Bxf4 Nxf4) 24. Rxc7 $11 Bxc7 25. Qd7 {[#]} (25. Qc4+ $1 $11 Kh8 26. Qxc7) 25... Bf4 $1 $17 {[%cal Rf4g5] Threatens to win with ...Bxg5.} 26. Be7 ({White should play} 26. Qd5+ Kh8 27. Qxg2 Bxg5 28. hxg5) 26... Ne3 27. Qd4 $2 {[%mdl 8192]} (27. Bxf8 $17 Rxf8 28. Qxa7) 27... Bh6 {Black is clearly winning.} 28. Bxf8 Rxf8 29. a4 Bh5 30. a5 bxa5 31. Qxa7 f4 32. Qxa5 Bg6 33. Qa2+ Kh8 34. Qa3 Rg8 35. Bxg6 hxg6 36. Qb3 f3 37. Qf7 Nf5 38. Qxg6 Rf8 {Av CentiPawn Loss W=-103/B=-55. Weighted=-130/-50} 0-1

[Event "Razuvaev Memorial 2020"]
[Site "Moscow"]
[Date "2020.11.06"]
[Round "8.2"]
[White "Kramnik, Vladimir"]
[Black "Tomashevsky, Evgeny"]
[Result "1/2-1/2"]
[WhiteElo "2797"]
[BlackElo "2681"]
[Annotator "TA"]
[PlyCount "118"]
[EventDate "2020.11.06"]
[EventCountry "RUS"]
[SourceTitle "playchess.com"]
[Source "ChessBase"]
[SourceQuality "1"]

{[%evp 9,118,12,14,13,24,24,31,21,18,25,33,19,23,-9,0,-18,-10,-35,-27,-41,-35,-38,-27,-59,-45,-70,-64,-50,-14,-29,-25,-39,-26,-33,-24,-50,-33,-46,0,-12,0,-95,-64,-67,-27,-181,112,122,214,191,266,272,259,274,252,233,335,347,337,307,332,212,262,261,246,0,0,0,0,0,0,0,0,0,6,0,0,0,8,8,8,8,8,0,0,-217,8,8,0,0,0,0,0,0,0,0,0,0,33,0,0,-12,0,0,-5,-12,0,0,0,-12,0]} 1. Nf3 Nf6 2. g3 d5 3. Bg2 c6 4. d3 Bf5 5. Nh4 Bg4 6. h3 {A07: Réti Opening: New York and Capablanca Systems.} Bh5 7. g4 Bg6 8. f4 $5 {[%mdl 4] White is slightly better. A promising side line.} (8. e3 e6 9. Qe2 Bb4+ 10. Nd2 Nbd7 11. O-O Ng8 12. Nxg6 hxg6 13. f4 Ne7 14. Nf3 Ba5 15. a3 Bc7 16. e4 dxe4 17. dxe4 {1-0 (35) Kramnik,V (2760)-Tomashevsky,E (2714) Sochi 2014}) 8... e6 9. e3 Nfd7 10. Nxg6 hxg6 {[#]} 11. Nd2 $146 ({Predecessor:} 11. O-O Bc5 12. Qe2 Bb6 13. Nd2 Qe7 14. c4 a5 15. b3 a4 16. Bb2 O-O 17. Kh1 {1-0 (63) Movsziszian,K (2485)-Lacasta Palacio,J (2092) Sitges 2017}) 11... Qh4+ 12. Ke2 Bd6 13. Nf3 Qe7 14. d4 c5 15. c3 Nc6 16. g5 Nb6 17. h4 O-O-O 18. a4 Bc7 19. a5 Nc4 20. a6 b6 {[%cal Bb7b6,Bb6b5][%mdl 32]} 21. Qa4 Qe8 22. Ne5 b5 23. Qd1 f6 24. Nxc6 Qxc6 25. Qd3 (25. dxc5 $11 {remains equal.} Qxc5 26. b3) 25... e5 26. Qxg6 exf4 27. Qxg7 $2 {[#]} (27. exf4 $11 cxd4 28. cxd4) 27... Rhe8 $2 (27... Kb8 $1 $19 {White must now prevent ...Qe8.} 28. dxc5 (28. gxf6 $2 Rhg8 $19) (28. Qxf6 Qe8 $15) 28... Rhg8) 28. Qxf6 $16 Rd6 (28... Qxf6 $16 29. gxf6 cxd4) 29. Qxf4 $18 cxd4 (29... Rde6 {keeps fighting.} 30. Qf5 Qd7) 30. cxd4 Rde6 31. Qf5 Nd6 32. Qd3 ({Not} 32. Qxd5 $2 Qc2+ 33. Ke1 Ne4 $19) 32... Kb8 (32... Kd8 {was called for.} 33. Kd1 Nc4) 33. Bd2 Nc4 34. Rh3 Bf4 {...Nxe3 is the strong threat.} 35. Rc1 {aiming for b3.} Qxa6 36. Bxd5 Bxe3 37. Bxe3 $2 ({Less strong is} 37. Rxe3 Rxe3+ 38. Bxe3 Rxe3+ 39. Qxe3 Nxe3 $14) (37. Bxe6 $18 Qxe6 38. Rxe3 Qg4+ 39. Kf2 Qxh4+ 40. Kg2 Qxg5+ {[%mdl 64] Pin} 41. Rg3 Qxd2+ 42. Qxd2 Nxd2 43. Rc5) 37... Rxe3+ $11 38. Rxe3 Rxe3+ 39. Qxe3 Nxe3 40. Kxe3 $18 {[%mdl 4096] Endgame KQ-KRB} Qd6 41. Bf3 Qh2 42. g6 Qxh4 43. Rg1 {And now g7 would win.} Qh6+ 44. Ke2 {Threatens to win with g7.} Qg7 $1 45. Kd3 Kc7 46. Rc1+ Kb6 47. b4 $2 (47. Be4 $11) 47... a6 $2 (47... Qxg6+ $19 48. Ke2 Qe6+ 49. Kf2 Qa2+ 50. Kg3 Qe6 51. Rc6+ Qxc6 52. Bxc6 Kxc6) 48. Rc6+ Ka7 $1 49. Re6 Qf8 50. Ke4 a5 51. bxa5 {Strongly threatening d5.} b4 52. Rb6 Qe8+ 53. Kd3 {Hoping for g7.} b3 54. Rxb3 (54. g7 $5 {[%cal Rf3d5]} Qc8 55. Rb7+ (55. Rxb3 Qa6+ 56. Kd2 Qxa5+ 57. Kd1 Qa1+ 58. Kc2 Qa2+ 59. Kc3 Qa1+ 60. Rb2 Qa5+ 61. Kc4 Qa4+ 62. Kd3 Qa6+ 63. Kc3 Qa5+ 64. Kc4 Qa4+ 65. Rb4 Qa2+ 66. Kc3 Qa3+ 67. Rb3 Qa5+ 68. Kb2 Qd2+ 69. Kb1 Qe1+ 70. Ka2 Qd2+ 71. Rb2 Qa5+ 72. Kb3 Qb6+ 73. Kc3 Qa5+ $14) 55... Ka6 56. Rxb3 Qf5+ 57. Be4 Qf1+ 58. Kc3 Qe1+ 59. Kc4 Qc1+ 60. Rc3 $14) 54... Qxg6+ {The position is equal.} 55. Be4 Qg3+ 56. Kc4 Qc7+ {[%mdl 64] [#] Double Attack} 57. Kd3 {Threatening mate with Rb7+.} Qg3+ 58. Kc4 Qc7+ {[%mdl 64] Double Attack} 59. Kd3 {Intending Rb7+ and mate.} Qg3+ {Black defended with fortune. Av CentiPawn Loss W=-22/B=-21. Weighted=-27/-37} 1/2-1/2